| 000 | 01259nam a2200385 i 4500 | ||
|---|---|---|---|
| 001 | 3047 | ||
| 003 | KOSZ 005 | ||
| 005 | 20220916112456.0 | ||
| 008 | 981103s1986 pl a |000 0 pol | ||
| 015 | _aPB 8357/86 | ||
| 020 | _a8320804612 | ||
| 040 |
_aWA N _cWA N _dKOSZ 005/HR |
||
| 041 | 0 | _apol | |
| 046 | _k1986 | ||
| 080 | _a657.47 | ||
| 080 | _a658.14/.17 | ||
| 100 | 1 |
_aJaruga, Alicja _d(1928-2011) _eAutor |
|
| 245 | 1 | 0 |
_aRachunek kosztów w zarządzaniu przedsiębiorstwem / _cAlicja Jarugowa. |
| 260 |
_aWarszawa : _bPańst. Wydaw. Ekonomiczne, _c1986. |
||
| 300 |
_a217, [3] s. : _brys., wykr. ; _c21 cm. |
||
| 336 |
_2rdacontent _aTekst _btxt |
||
| 337 |
_2rdamedia _aBez urządzenia pośredniczącego _bn |
||
| 338 |
_2rdacarrier _aWolumin _bnc |
||
| 380 | _aKsiążki | ||
| 388 | _a1901-2000 | ||
| 388 | _a1945-1989 | ||
| 504 | _aBibliogr. s. 214-[218]. | ||
| 650 | 4 | _aRachunek kosztów | |
| 650 | 4 | _aRachunkowość zarządcza | |
| 658 | _aGospodarka, ekonomia, finanse | ||
| 658 | _aZarządzanie i marketing | ||
| 710 | 2 |
_aPaństwowe Wydawnictwo Ekonomiczne _4pbl. |
|
| 856 |
_uhttp://koha.tu.koszalin.pl/cgi-bin/koha/opac-detail.pl?biblionumber=3047 _yKatalog online BPK |
||
| 942 |
_2UKD _cKS |
||
| 999 |
_c3047 _d3047 |
||